Jugadores Bélgica #1 - Estadísticas

Estadísticas generales
  • Esta prueba ha sido intentada 30 veces
  • La puntuación promedio es 17 de 20
Estadísticas de respuestas
Imagen Respuesta % Correcto
Courtois
100%
De Bruyne
100%
Lukaku
100%
Vertonghen
100%
Witsel
100%
Carrasco
96%
Mertens
96%
Trossard
96%
Doku
92%
Lukebakio
92%
Openda
92%
Tielemans
92%
Meunier
88%
De Ketelaere
84%
Alderweireld
80%
Onana
76%
Januzaj
72%
Vermeeren
60%
Bakayoko
48%
Vanaken
48%
No se encontraron pruebas coincidentes
Distribución de puntuación
Porcentaje de gente con cada puntuación
Porcentaje por número respondido
Historial de tus puntuaciones
No has intentado esta prueba.